000 00603nam a22002177a 4500
003 DO-SdBNP
005 20240307174645.0
007 ta
008 130726s 2011 dr 000 0 spa d
020 _a9789945469684
040 _aDO-SdBNP
_bspa
_cBNPHU
082 4 _222
100 1 _aInoa, Orlando
_95784
245 1 0 _atientos y trotes /
_cRené Rodríguez Soriano
260 _aSanto Domingo :
_bNacional,
_c2011.
300 _a196 p. ;
_c24 cm.
500 _aIncluye datos biográficos del autor en la solapa de la cubierta
590 _aInventariado, 2021 /BT
910 _aBtavárez
942 _2ddc
_cLBS1
999 _c50494
_d50494